000 00450nam a2200181 a 4500
001 1765950118337
003 ACL
005 20251217111556.0
008 251217s2008##################000#0#eng##
020 _a9781598694017
082 0 4 _a641.5
_bLAR
100 1 _aLarsen, Linda,
_eauthor.
245 1 0 _aThe Everything Low-Cholesterol Cookbook :
260 _bEverything,
_c2008.
650 0 _aCooking.
942 _cENGLISH
040 _aACL
_beng
_cACL
999 _c602952
_d602952